| 000 | 00425nam a22001457a 4500 | ||
|---|---|---|---|
| 005 | 20171026150949.0 | ||
| 008 | 171026b xxu||||| |||| 00| 0 eng d | ||
| 040 | _cPK-LaUMT | ||
| 082 |
_aPKAC 297.74 _bHAB-I |
||
| 100 | _aHabib ur Rehman | ||
| 245 |
_aIshaat e Islam yani duniya mein Islam kiyun ker phela/ _cHabib ur Rehman |
||
| 260 |
_aدہلی: _bمکبتہ برھان اردو، _c1950 |
||
| 300 | _a472 ص | ||
| 942 | _cBK | ||
| 999 |
_c99575 _d99575 |
||